The infographic bible. VIsualising the drama of God's world.

Salvato in:
Dettagli Bibliografici
Autore principale: Sawrey, Karen (Autore)
Altri autori: Gumbel, Nicky (foreword)
Natura: Sconosciuto
Lingua:inglese
Pubblicazione: Grand Rapids, MI., USA: Zondervan, 2018
Soggetti:
Tags: Aggiungi Tag
Nessun Tag, puoi essere il primo ad aggiungerne!!

MARC

LEADER 00000 a2200000 4500
003 CL-VaPUC
005 20230620083959.0
008 230612t2018 ||||| |||| 00| 0 eng d
999 |c 440654  |d 440652 
020 |a 9780310453987 
040 |c Pontificia Universidad Católica de Valparaíso 
082 7 |a 220.0222 SAW 2018  |2 22 
100 |a Sawrey, Karen  |9 881806  |e author 
245 |a The infographic bible.  |b  VIsualising the drama of God's world. 
260 |a Grand Rapids, MI., USA:  |b Zondervan,   |c 2018 
300 |a 223 páginas:   |b  ilustraciones.  
583 |k GC  |c 20230612 
650 0 |a Biblia  |9 257603  |v Representación visual  
700 |a Gumbel, Nicky  |e foreword  |9 882988 
942 |2 ddc  |c BK 
952 |0 0  |1 0  |2 ddc  |4 0  |6 220_022200000000000_SAW_2018  |7 0  |8 A  |9 590410  |a BIBCUR  |b BIBCUR  |c GEN  |d 2023-06-07  |e 3  |g 28327.19  |i 5657719  |o 220.0222 SAW 2018  |p 5657719  |r 2025-04-22  |t 1  |v 28327.19  |w 2023-06-07  |y BK  |k PER